[Event "CRO-chT2"]
[Site "Bol"]
[Date "2013.09.22"]
[Round "9.4"]
[White "Rubil, Marko"]
[Black "Maras, Mile"]
[Result "0-1"]
[WhiteElo "2221"]
[BlackElo "2221"]
[PlyCount "176"]
[EventDate "2013.09.14"]
[EventType "team-tourn"]
[EventRounds "9"]
[EventCountry "CRO"]
[SourceTitle "CBM 156 Extra"]
[Source "ChessBase"]
[SourceDate "2013.10.22"]
[SourceVersion "1"]
[SourceVersionDate "2013.10.22"]
[SourceQuality "1"]
[WhiteTeam "Strigova Stridon"]
[BlackTeam "Pozega"]
[WhiteTeamCountry "CRO"]
[BlackTeamCountry "CRO"]

1. e4 g6 2. d4 d6 3. Nc3 Bg7 4. f4 c6 5. Nf3 d5 6. e5 Bg4 7. h3 Bxf3 8. Qxf3 e6 9. Bd3 Nd7 10. Be3 Ne7 11. 0-0 h5 12. Ne2 h4 13. c4 dxc4 14. Bxc4 Nb6 15. Bd3 Nf5 16. Bf2 Nd5 17. a3 Bf8 18. b4 a6 19. Rfc1 Be7 20. Rc2 Kf8 21. Nc1 a5 22. b5 cxb5 23. Bxb5 Rc8 24. Raa2 Kg7 25. Bd3 Rxc2 26. Rxc2 Qd7 27. Nb3 b6 28. Nd2 Rc8 29. Nc4 Qa4 30. Nb2 Qxc2 31. Bxc2 Rxc2 32. Na4 Ra2 33. Qb3 Rxa3 34. Qb5 Ng3 35. Kh2 Ne4 36. Bg1 Nec3 37. Nxc3 Rxc3 38. Bf2 Rc2 39. Kg1 Rc7 40. Qa6 Rc1+ 41. Kh2 Ra1 42. g3 hxg3+ 43. Kxg3 Ra2 44. Qc4 Bh4+ 45. Kxh4 Rxf2 46. Kg3 Rxf4 47. Qa4 Re4 48. Kf3 Rh4 49. Kg3 Rh8 50. Kg4 Ne3+ 51. Kg3 Nf5+ 52. Kg2 Rd8 53. Qb5 Rxd4 54. Qxb6 a4 55. Qa7 Rd2+ 56. Kf3 Rd3+ 57. Kg2 a3 58. Qa5 Ne3+ 59. Kf2 Nc4 60. Qb5 Rc3 61. Qa4 Nxe5 62. Qd4 Rf3+ 63. Kg2 Rf5 64. Qa1 g5 65. Qxa3 Ng6 66. Qc3+ Kh7 67. Qc7 Nh4+ 68. Kh2 Ng6 69. Kg3 Ne5 70. Qb8 Nd7 71. Qe8 Ne5 72. Qb8 Kg7 73. Qc7 Ng6 74. Qc3+ Re5 75. Qd4 f5 76. Qd7+ Kh6 77. Qd8 Re3+ 78. Kh2 f4 79. Qf6 e5 80. Kg2 e4 81. Qa6 Re2+ 82. Kf1 Rh2 83. Qe6 e3 84. Ke1 f3 85. Qxe3 Re2+ 86. Qxe2 fxe2 87. Kxe2 Kh5 88. Kf3 Kh4 0-1

[Event "CRO-chT1B 20th"]
[Site "Sibenik"]
[Date "2011.10.06"]
[Round "3.1"]
[White "Ivic, Mateo"]
[Black "Maras, Mile"]
[Result "1/2-1/2"]
[WhiteElo "2290"]
[BlackElo "2244"]
[PlyCount "35"]
[EventDate "2011.10.04"]
[EventType "team-tourn"]
[EventRounds "9"]
[EventCountry "CRO"]
[SourceTitle "CBM 144 Extra"]
[Source "ChessBase"]
[SourceDate "2011.10.28"]
[SourceVersion "1"]
[SourceVersionDate "2011.10.28"]
[SourceQuality "1"]
[WhiteTeam "Split Brda"]
[BlackTeam "Pozega"]
[WhiteTeamCountry "CRO"]
[BlackTeamCountry "CRO"]

1. e4 c5 2. Nf3 Nc6 3. d4 cxd4 4. Nxd4 e5 5. Nb5 d6 6. N1c3 Nf6 7. Bg5 a6 8. Na3 Be6 9. Nc4 Rc8 10. Bxf6 gxf6 11. Nd5 Nb4 12. Nxb4 Bxc4 13. c3 Be6 14. Be2 Be7 15. Bg4 h5 16. Bxh5 a5 17. Nc2 Qb6 18. Ne3 1/2-1/2

[Event "CRO-chT2 Center"]
[Site "Zagreb"]
[Date "2010.03.28"]
[Round "3.33"]
[White "Maras, Mile"]
[Black "Machata, Martin"]
[Result "0-1"]
[WhiteElo "2256"]
[BlackElo "2200"]
[PlyCount "54"]
[EventDate "2010.03.21"]
[EventType "team-tourn"]
[EventRounds "11"]
[EventCountry "CRO"]
[SourceTitle "EXT 2012"]
[Source "ChessBase"]
[SourceDate "2011.11.24"]
[SourceVersion "1"]
[SourceVersionDate "2011.11.24"]
[SourceQuality "1"]

1. d4 Nf6 2. Nf3 c5 3. e3 g6 4. c3 b6 5. Bc4 d5 6. Bb5+ Bd7 7. Be2 Bg7 8. Ne5 0-0 9. Nxd7 Qxd7 10. 0-0 Nc6 11. Nd2 Qd6 12. b3 cxd4 13. cxd4 e5 14. dxe5 Nxe5 15. Bb2 Rfd8 16. Rb1 Ne4 17. Nf3 Rac8 18. Kh1 Ng4 19. Kg1 Ng5 20. g3 Nh3+ 21. Kg2 Nhxf2 22. Qd2 Ne4 23. Qd3 Bxb2 24. Rxb2 Rc3 25. Qd4 Nxe3+ 26. Kg1 Nxf1 27. Kxf1 Qc5 0-1

[Event "Bizovac Metalis op 16th"]
[Site "Bizovac"]
[Date "2009.02.21"]
[Round "5"]
[White "Maras, Mile"]
[Black "Brkic, Ante"]
[Result "1/2-1/2"]
[WhiteElo "2264"]
[BlackElo "2550"]
[PlyCount "109"]
[EventDate "2009.02.19"]
[EventType "swiss"]
[EventRounds "7"]
[EventCountry "CRO"]
[SourceTitle "CBM 128 Extra"]
[Source "ChessBase"]
[SourceDate "2009.03.05"]
[SourceVersion "2"]
[SourceVersionDate "2009.03.25"]
[SourceQuality "1"]

1. d4 Nf6 2. Nf3 d5 3. g3 c6 4. Bg2 Bf5 5. 0-0 h6 6. c4 e6 7. Nc3 Nbd7 8. Qb3 Qc8 9. Ne5 Nxe5 10. dxe5 dxc4 11. Qxc4 Nd7 12. f4 Be7 13. e4 Bh7 14. a4 a5 15. Be3 0-0 16. Rac1 b6 17. Nd1 Nc5 18. Nf2 Rd8 19. Qc2 Qc7 20. Rfd1 Rxd1+ 21. Rxd1 Rd8 22. Rxd8+ Qxd8 23. Bf1 Qd7 24. b3 Kh8 25. Be2 Qc7 26. h4 g5 27. hxg5 hxg5 28. Bf3 Qb8 29. Ng4 gxf4 30. gxf4 Qg8 31. Bxc5 Bxc5+ 32. Kf1 Qd8 33. Kg2 Qd4 34. Kg3 Qg1+ 35. Bg2 Qe1+ 36. Kh3 Bg6 37. Qd3 Be7 38. Qg3 Qxg3+ 39. Kxg3 Kg7 40. Ne3 Bc5 41. Nc4 Kf8 42. Kg4 Bd4 43. f5 Bh7 44. Kf4 Ke7 45. Bh3 Kd7 46. Bg4 Ke7 47. Kg5 f6+ 48. exf6+ Bxf6+ 49. Kh6 exf5 50. Bxf5 Bg8 51. e5 Bh8 52. Be4 Bd5 53. Bc2 Bxc4 54. bxc4 Bxe5 55. Kg5 1/2-1/2

[Event "Bizovac Metalis op 14th"]
[Site "Bizovac"]
[Date "2007.02.25"]
[Round "7"]
[White "Maras, Mile"]
[Black "Sertic, Rudolf"]
[Result "0-1"]
[WhiteElo "2242"]
[BlackElo "2346"]
[PlyCount "128"]
[EventDate "2007.02.22"]
[EventType "swiss"]
[EventRounds "7"]
[EventCountry "CRO"]
[SourceTitle "CBM 116 Extra"]
[Source "ChessBase"]
[SourceDate "2007.03.07"]
[SourceVersion "1"]
[SourceVersionDate "2007.03.07"]
[SourceQuality "1"]

1. d4 Nf6 2. Nf3 d5 3. g3 c6 4. Bg2 Bf5 5. Nbd2 e6 6. c3 Nbd7 7. 0-0 Bd6 8. b3 0-0 9. Bb2 Rb8 10. Nh4 Bg4 11. Re1 e5 12. h3 Be6 13. e4 exd4 14. cxd4 dxe4 15. Nxe4 Nxe4 16. Rxe4 Nf6 17. Re2 Qa5 18. Nf3 Ba3 19. Re5 Qb4 20. Bxa3 Qxa3 21. Qd2 Qd6 22. Rae1 Rbd8 23. Qa5 a6 24. R5e2 h6 25. Qb6 Qb8 26. Ne5 Bd5 27. Bxd5 Rxd5 28. a4 Rc8 29. Qb4 Qc7 30. Nf3 Rd7 31. Qc4 Qd6 32. Re5 Rf8 33. Kg2 Nd5 34. Qc5 Rdd8 35. Qxd6 Rxd6 36. Re8 Rd8 37. R8e5 f6 38. Re6 g5 39. Nd2 Nc7 40. Re7 Rf7 41. Nf3 Kf8 42. Rxf7+ Kxf7 43. Rc1 h5 44. Rc4 Ne6 45. g4 h4 46. Kh2 Nf4 47. Rc5 Ne6 48. Rc4 Rd6 49. b4 b5 50. axb5 cxb5 51. Rc8 Nxd4 52. Rc7+ Ke6 53. Nd2 Ke5 54. Kg2 Ne6 55. Nf3+ Ke4 56. Re7 Kd3 57. Kf1 Nf4 58. Re3+ Kc4 59. Re4+ Kc3 60. Rxf4 gxf4 61. Nxh4 Kxb4 62. Nf5 Rd8 63. h4 a5 64. h5 a4 0-1

[Event "CRO Cup"]
[Site "Sibenik"]
[Date "2006.05.10"]
[Round "1"]
[White "Hulak, Krunoslav"]
[Black "Maras, Mile"]
[Result "1-0"]
[WhiteElo "2541"]
[BlackElo "2259"]
[PlyCount "53"]
[EventDate "2006.05.10"]
[EventType "team"]
[EventRounds "5"]
[EventCountry "CRO"]
[SourceTitle "CBM 112 Extra"]
[Source "ChessBase"]
[SourceDate "2006.07.14"]
[SourceVersion "1"]
[SourceVersionDate "2006.07.14"]
[SourceQuality "1"]

1. d4 Nf6 2. c4 g6 3. g3 Bg7 4. Bg2 d6 5. Nf3 Nbd7 6. 0-0 0-0 7. Nc3 c6 8. e4 e5 9. h3 Qc7 10. Be3 Re8 11. Qc2 h6 12. Rad1 b5 13. cxb5 cxb5 14. a3 a6 15. Rfe1 Nb6 16. Qc1 Na4 17. Bxh6 Bxh6 18. Qxh6 Nxb2 19. Rc1 Qe7 20. dxe5 dxe5 21. Nd5 Nxd5 22. exd5 Nc4 23. Ng5 Qf6 24. Ne4 Qd8 25. g4 Nd6 26. Rc6 Nxe4 27. Bxe4 1-0

[Event "Varazdin IM"]
[Site "Varazdin"]
[Date "2003.11.29"]
[Round "14"]
[White "Maras, Mile"]
[Black "Segovic, Goran"]
[Result "1/2-1/2"]
[WhiteElo "2289"]
[BlackElo "2091"]
[PlyCount "29"]
[EventDate "2003.11.21"]
[EventType "tourn"]
[EventRounds "14"]
[EventCountry "CRO"]
[EventCategory "2"]
[SourceTitle "CBM 097 Extra"]
[Source "ChessBase"]
[SourceDate "2004.01.13"]
[SourceVersion "1"]
[SourceVersionDate "2004.01.13"]
[SourceQuality "1"]

1. e4 e5 2. Nc3 Nf6 3. g3 Nc6 4. Bg2 Bc5 5. h3 d6 6. d3 h6 7. Nge2 a5 8. 0-0 Be6 9. Be3 Qd7 10. Kh2 0-0 11. Qd2 Nd4 12. Bxd4 exd4 13. Nd1 c6 14. c3 dxc3 15. bxc3 1/2-1/2

[Event "Varazdin IM"]
[Site "Varazdin"]
[Date "2003.11.25"]
[Round "7"]
[White "Maras, Mile"]
[Black "Ivanov, Jordan"]
[Result "1/2-1/2"]
[WhiteElo "2289"]
[BlackElo "2426"]
[PlyCount "43"]
[EventDate "2003.11.21"]
[EventType "tourn"]
[EventRounds "14"]
[EventCountry "CRO"]
[EventCategory "2"]
[SourceTitle "CBM 097 Extra"]
[Source "ChessBase"]
[SourceDate "2004.01.13"]
[SourceVersion "1"]
[SourceVersionDate "2004.01.13"]
[SourceQuality "1"]

1. Nf3 c5 2. c4 Nc6 3. g3 e5 4. d3 g6 5. Nc3 Bg7 6. Bg2 d6 7. 0-0 Nge7 8. Nd5 Nxd5 9. cxd5 Ne7 10. Nd2 h5 11. b4 b6 12. bxc5 bxc5 13. Nc4 h4 14. e4 Bh6 15. f4 hxg3 16. hxg3 exf4 17. gxf4 Bg7 18. Be3 Bh3 19. Rb1 Bxg2 20. Kxg2 Kf8 21. Rh1 Rxh1 22. Qxh1 1/2-1/2

[Event "Varazdin IM"]
[Site "Varazdin"]
[Date "2003.11.24"]
[Round "6"]
[White "Kiss, Attila"]
[Black "Maras, Mile"]
[Result "1-0"]
[WhiteElo "2397"]
[BlackElo "2289"]
[PlyCount "64"]
[EventDate "2003.11.21"]
[EventType "tourn"]
[EventRounds "14"]
[EventCountry "CRO"]
[EventCategory "2"]
[SourceTitle "CBM 097 Extra"]
[Source "ChessBase"]
[SourceDate "2004.01.13"]
[SourceVersion "1"]
[SourceVersionDate "2004.01.13"]
[SourceQuality "1"]

1. d4 Nf6 2. c4 d6 3. Nf3 c6 4. Nc3 Nbd7 5. g3 e5 6. e4 a5 7. Bg2 b5 8. cxb5 cxb5 9. 0-0 b4 10. Nd5 Be7 11. Nxe7 Qxe7 12. Nh4 g6 13. Bh6 Nb6 14. h3 Ba6 15. Re1 Nfd7 16. a3 b3 17. Qxb3 Bc4 18. Qd1 a4 19. Rc1 f6 20. Re3 Rc8 21. Rec3 exd4 22. Qxd4 Nc5 23. Rxc4 Nxc4 24. Rxc4 Kd7 25. Be3 Rc7 26. Rxc5 Rxc5 27. Qxa4+ Rc6 28. e5 Rhc8 29. Bxc6+ Rxc6 30. exd6 Qxd6 31. Nf3 Ke7 32. Nd4 Ra6 1-0

[Event "Varazdin IM"]
[Site "Varazdin"]
[Date "2003.11.22"]
[Round "2"]
[White "Maras, Mile"]
[Black "Novak, Robert"]
[Result "0-1"]
[WhiteElo "2289"]
[BlackElo "2140"]
[PlyCount "94"]
[EventDate "2003.11.21"]
[EventType "tourn"]
[EventRounds "14"]
[EventCountry "CRO"]
[EventCategory "2"]
[SourceTitle "CBM 097 Extra"]
[Source "ChessBase"]
[SourceDate "2004.01.13"]
[SourceVersion "1"]
[SourceVersionDate "2004.01.13"]
[SourceQuality "1"]

1. Nf3 d5 2. d4 c5 3. c3 cxd4 4. cxd4 Nc6 5. Nc3 Nf6 6. e3 Bg4 7. Be2 e6 8. 0-0 Bd6 9. Ne1 Bxe2 10. Qxe2 0-0 11. f4 Bb4 12. Bd2 Bxc3 13. Bxc3 Ne4 14. Rc1 f5 15. Nf3 h6 16. Be1 g5 17. Ne5 Nxe5 18. fxe5 Qd7 19. Bb4 Rfc8 20. g4 Rxc1 21. Rxc1 a5 22. Be1 fxg4 23. Qxg4 Rc8 24. Rxc8+ Qxc8 25. Qd1 Qc4 26. b3 Qc8 27. Bxa5 Qa8 28. Bb4 Qxa2 29. Qf1 Qa8 30. Qc1 Qd8 31. Be1 Qd7 32. Qd1 Qf7 33. Kg2 Kg7 34. h3 h5 35. Qe2 Kg6 36. Qb5 g4 37. Qe2 gxh3+ 38. Kxh3 Qf5+ 39. Kh2 Kg5 40. Qg2+ Qg4 41. Qf1 Kg6 42. Qb5 Ng5 43. Qd3+ Kh6 44. Qf1 Nf3+ 45. Kh1 Qe4 46. Bf2 Nxd4+ 47. Kh2 Nf3+ 0-1